| 000 | 00951nam a2200301 a 4500 | ||
|---|---|---|---|
| 001 | C01476925c-1 | ||
| 003 | CO-ViMGA | ||
| 005 | 20230915233138.0 | ||
| 008 | 150318s2014 ck gr 0001p spa d | ||
| 020 | _a9789587721584 | ||
| 040 |
_aCO-ViMGA _bspa _cCO-ViMGA |
||
| 043 | _as-ck--- | ||
| 082 | 0 | 4 |
_aCo 861.5 _bV15p _219 |
| 100 | 1 |
_aValencia, Guillermo, _d1873-1943. _94146 |
|
| 240 | 1 | 0 | _aCauca-Bibliografía regional |
| 245 | 1 | 0 |
_aPoesías / _cGuillermo Valencia. |
| 260 |
_aBogotá : _bUniversidad Externado de Colombia. Decanatura Cultural, _c2014. |
||
| 300 |
_a75 páginas ; _c15 cm. |
||
| 490 | 1 | _aEl Malpensante | |
| 490 | 1 |
_aUn libro por centavos ; _v104 |
|
| 650 | 1 | 4 |
_aPaganismo _v Poesías. _94149 |
| 650 | 1 | 4 |
_aCamellos _v Poesías. _94147 |
| 650 | 1 | 4 |
_aEstatuas _v Poesías. _94148 |
| 650 | 1 | 4 |
_aPoesía colombiana. _9163 |
| 650 | 1 | 4 |
_aReligiones _v Poesías. _94150 |
| 650 | 1 | 4 |
_aSimbolismo _v Poesías. _94151 |
| 942 | _2ddc | ||
| 999 |
_c35681 _d35681 |
||